Cultural studies in question (Record no. 159744)
[ view plain ]
| 000 -LEADER | |
|---|---|
| fixed length control field | 01291nam a2200325Ia 4500 |
| 245 00 - TITLE STATEMENT | |
| Title | Cultural studies in question |
| 260 ## - PUBLICATION, DISTRIBUTION, ETC. (IMPRINT) | |
| Place of publication | London ; |
| -- | Thousand Oaks, Calif. : |
| Name of publisher | Sage Publications, |
| Year of publication | 1997. |
| 300 ## - PHYSICAL DESCRIPTION | |
| Number of Pages | xxvii, 247 p. |
| 650 #0 - SUBJECT ADDED ENTRY--TOPICAL TERM | |
| Topical Term | Mass media and culture |
| Topical Term | Popular culture |
| 700 1# - ADDED ENTRY--PERSONAL NAME | |
| Personal name | Ferguson, Marjorie. |
| Personal name | Golding, Peter, |
| 856 40 - ELECTRONIC LOCATION AND ACCESS | |
| Uniform Resource Identifier | http://site.ebrary.com/lib/rucke/Doc?id=10326932 |
No items available.
